000 00392nam a2200169Ia 4500
008 230524s9999 xx 000 0 und d
020 _a9788177588132
082 _a331
_bMON
100 _aArun Monappa
245 0 _aIndustrial Relations
250 _aIST
260 _aNEW DELHI
_bTMH
_c2008
300 _aVII;385
500 _aQuantity Number: 7
650 _aManagement
942 _cBK
999 _c42453
_d42453